Statistics for All European Countries Without Vowels With A Map - 1 Minute

Click here to take the quiz!

General Stats

  • This quiz has been taken 8 times
  • The average score is 24 of 45

Answers on the Map

Answers color-coded by a green-red scale on the quiz's map according to % correct below.
 

Answer Stats

Count% Correct
Grmn
100%
Nrw
100%
rlnd
100%
Rss
100%
Swdn
100%
clnd
80%
Dnmrk
80%
Fnlnd
80%
Frnc
80%
krn
80%
Blgm
60%
Blrs
60%
Grc
60%
Lthn
60%
Ltv
60%
Lxmbrg
60%
Nthrlnds
60%
Plnd
60%
Prtgl
60%
Rmn
60%
Spn
60%
Srb
60%
stn
60%
str
60%
tl
60%
Blgr
40%
Bsn nd Hrzgvn
40%
Ksv
40%
lbn
40%
Lchtnstn
40%
Mlt
40%
Mntngr
40%
Nrth Mcdn
40%
ntd Kngdm
40%
Sn Mrn
40%
Swtzrlnd
40%
Vtcn Ct
40%
Crt
20%
Czch
20%
Mldv
20%
Mnc
20%
ndrr
20%
Slvk
20%
Slvn
20%
Hngr
0%

Score Distribution

Percentile by Number Answered

Percent of People with Each Score

Your Score History

You have not taken this quiz